000 00368nam a2200145Ia 4500
008 230917s9999||||xx |||||||||||||| ||und||
040 _e76349
_aMAIN
041 _aEnglish
082 _a658.42 H785T
100 _aHorovitz, Jacques Henri
245 0 _aTop management control in Europe
260 _aLondon
_bMacmillan
_c1980
300 _axvii, 204 p.
942 _cBK
999 _c216100
_d216100